Missing Word: Name the Animal Character Quiz Stats

Quiz Updated Jun 22, 2016

Challenge
Share
Tweet
Embed
Score 0/24 Timer 03:00
1 Play Today
Character Missing % Correct
__ the Friendly GhostCasper
96.9%
Rudolph the Red-Nosed ___Reindeer
95.1%
Winnie the ___Pooh
95%
Tony the ___Tiger
91.8%
Sonic the ___Hedgehog
91%
__ the Magic DragonPuff
86.4%
___ the FrogKermit
84.5%
Jabba the___Hutt
83.4%
___ the Big Red DogClifford
83%
Oscar the ___Grouch
81.6%
Morris the ___Cat
77.6%
Mister ___ the Talking HorseEd
74.1%
Character Missing % Correct
Elsie the ___Cow
71.2%
___ the BearSmokey
69.8%
___ the ElephantHorton
66.7%
Howard the ___Duck
51.9%
__ the Flying SquirrelRocky
48.6%
___ the CatFelix
45.8%
Kipper the ___Dog
45.7%
___ the TunaCharlie
44.4%
Francis the Talking _Mule
40.1%
___ the TurtleYertle
37.8%
___ the LionLeo
36.8%
___ the PonyBill
16.9%

Today's Daily Dose

Word Ladder
Summertime

On This Day
June 23rd II

You're not logged in!

Compare scores with friends on all Sporcle quizzes.
Join for Free
OR
Log In

You Might Also Like...

Show Comments

Extras

Top Quizzes Today


Score Distribution

Your Account Isn't Verified!

In order to create a playlist on Sporcle, you need to verify the email address you used during registration. Go to your Sporcle Settings to finish the process.

Report this User

Report this user for behavior that violates our Community Guidelines.

Details: